Gateway to the great books 7: Man and society

সংরক্ষণ করুন:
গ্রন্থ-পঞ্জীর বিবরন
বিন্যাস: গ্রন্থ
ভাষা:Undetermined
প্রকাশিত: Chicago, Estados Unidos Encyclopedia Britannica 1963
বিষয়গুলি:
ট্যাগগুলো: ট্যাগ যুক্ত করুন
কোনো ট্যাগ নেই, প্রথমজন হিসাবে ট্যাগ করুন!

MARC

LEADER 00000nam a2200000Ia 4500
008 170316s9999 xx 000 0 und d
040 |a cru BVZT 
090 |a REF 
245 |a Gateway to the great books 7: Man and society 
260 |a Chicago, Estados Unidos 
260 |b Encyclopedia Britannica 
260 |c 1963 
300 |a 502 páginas Vol. 7 
650 |a REFERENCIA 
942 |c REF 
999 |c 14883  |d 14883